Úspech informačný spravodajca zamestnancov OZETA a.s. Trenčín

Bibliographic Details
Other Authors: Bottka, Július (Publishing director)
Format: Newspaper
Language:Slovak
PhysicalDescription:zv. 45 cm
Published: Trenčín Ozeta, a.s. 1945-2002
Subjects:

MARC

LEADER 00000cas a2200000 a 4500
001 vtls008881043
003 SK-MaSNL
005 20260228162113.0
008 160624c19452002xo x|n|r 0 0 b0sloo
035 |a (SVKBB03)vtls000048127 
040 |a SVKBB  |b slo  |c SVKBB  |d SNK  |e AACR2 
041 0 |a slo 
044 |a xo  |c SK 
072 7 |a 677  |x Textilný priemysel  |2 konspekt 
080 |a 677  |2 2011 
080 |a 050  |2 2011 
080 |a (085.3)  |2 2011 
245 0 0 |a Úspech  |b informačný spravodajca zamestnancov OZETA a.s. Trenčín 
247 0 0 |a Úspech  |b dvojtýždenník zamestnancov akciovej spoločnosti Ozeta 
260 |a Trenčín  |b Ozeta, a.s.  |c 1945-2002 
300 |a zv.  |c 45 cm 
310 |a 26x ročne 
362 0 |a 1 (1945)-56 (2002)  |z SKP 
500 |a Predchádzajúce podnázvy: závodný časopis spolupracovníkov firmy Nehera (1945-1946) ; informačný časopis spolupracovníkov odevnej služby Nehera, n.p. v Trenčíne (1947) ; časopis zamestnancov národného podniku Odevná výroba v Trenčíne (1948) ; časopis zamestnancov národného odevného priemyslu v Trenčíne (1949) ; časopis zamestnancov n.p. Odevné závody V. Širokého v Trenčíne (1950) ; týždenník pracovníkov štátneho podniku Odevné závody Trenčín ; dvojtýždenník zamestnancov Ozeta 
650 0 7 |a textilný priemysel  |2 SNKPH  |9 51332 
655 7 |a podnikové periodiká  |2 SNKPH  |9 132333 
700 1 |a Bottka, Július  |4 pbd  |9 270369 
910 |a snk 
999 |c 6818  |d 8748 
952 |0 0  |1 0  |4 0  |7 0  |8 0  |a SNK  |b SNK  |d 2009-03-17  |i snk2009/5517  |l 0  |o snkČSB 374/52(54)/1998  |p 17A0600985  |r 2026-02-21 19:30:50  |t č. 1-25  |w 2026-02-21  |y PREZ 
952 |0 0  |1 0  |4 0  |7 0  |8 0  |a SNK  |b SNK  |d 2009-03-17  |i snk2009/5518  |l 0  |o snkČSB 374/52(54)/1998 D1  |p 17A0600986  |r 2026-02-21 19:30:51  |t č. 1-25  |w 2026-02-21  |y PREZ 
952 |0 0  |1 0  |4 0  |7 0  |8 0  |a SNK  |b SNK  |d 2009-03-17  |i snk2009/5521  |l 0  |o snkČSB 374/53(55)/1999 D1  |p 17A0600988  |r 2026-02-21 19:30:51  |t č. 1-25  |w 2026-02-21  |y PREZ 
952 |0 0  |1 0  |4 0  |7 0  |8 0  |a SNK  |b SNK  |d 2009-03-17  |i snk2009/5522  |l 0  |o snkČSB 374/54(56)/2000  |p 17A0600989  |r 2026-02-21 19:30:51  |t č. 1-25  |w 2026-02-21  |y PREZ 
952 |0 0  |1 0  |4 0  |7 0  |8 0  |a SNK  |b SNK  |d 2009-03-17  |i snk2009/5524  |l 0  |o snkČSB 374/54(56)/2000 D1  |p 17A0600990  |r 2026-02-21 19:30:51  |t č. 1-25  |w 2026-02-21  |y PREZ 
952 |0 0  |1 0  |4 0  |7 0  |8 0  |a SNK  |b SNK  |d 2009-03-17  |i snk2009/5520  |l 0  |o snkČSB 374/53(55)/1999  |p 17A0600987  |r 2026-02-21 20:07:09  |t č. 1-25  |w 2026-02-21  |y PREZ 
952 |0 0  |1 0  |4 0  |7 0  |a SNK  |b SNK  |d 2007-05-25  |l 0  |o snkČSB 374/1/1945  |p 17A0542111  |r 2026-02-21 20:20:49  |w 2026-02-21  |y PREZ 
952 |0 0  |1 0  |4 0  |7 0  |8 0  |a SNK  |b SNK  |d 2007-03-30  |i snk2007/8856  |l 0  |o snkČSB 374/55(57)/2001  |p 17A0534659  |r 2026-02-21 20:27:39  |t č. 1-25, neúplné  |w 2026-02-21  |y PREZ  |z Chýba č. 12-25 
952 |0 0  |1 0  |4 0  |7 0  |8 0  |a SNK  |b SNK  |d 2007-03-30  |i snk2007/8860  |l 0  |o snkČSB 374/55(57)/2001 D1  |p 17A0534660  |r 2026-02-21 20:27:39  |t č. 1-25, neúplné  |w 2026-02-21  |y PREZ  |z Chýba č. 12-25 
952 |0 0  |1 0  |4 0  |7 0  |a SNK  |b SNK  |d 2003-06-03  |i snk 175/52  |l 0  |o snkČSB 374/7/1951  |p 17A0386312  |r 2005-01-02 00:00:00  |t č. 1-46  |w 2026-02-21  |y PREZ 
952 |0 0  |1 0  |4 0  |7 0  |a SNK  |b SNK  |d 2003-06-03  |i snkII. 72/52  |l 0  |o snkČSB 374/7/1951 D1  |p 17A0386233  |r 2005-01-02 00:00:00  |t č. 1-46  |w 2026-02-21  |y PREZ